• 首页
  • 本馆介绍
  • 公告通知
  • 最新文献
  • 馆藏检索
  • 电子资源
  • 读者导购
  • 参考咨询
  • 我的图书馆
  • 登录
  • 详细信息显示
  • 放入我的书架
  • 预约/预借图书
  • 作者相关作品
  • 分类相关作品
  • 丛书相关作品
  • 出版社相关作品

书目信息

  • 表格格式
  • 工作单格式
  • 卡片格式
题名:
历史发现
    
 
作者: 刘未鸣 , 张剑荆 主编
分册:  
出版信息: 北京   中国文史出版社  2019.06
页数: 337页
开本: 24cm
丛书名:
单 册:
中图分类: K870.4
科图分类:
主题词: 考古工作--kao gu gong zuo--概况--中国--现代
电子资源:
ISBN: 978-7-5205-1121-6
000 00834nam0 2200253 450
001 2160506418
005 20210926145303.0
010    @a978-7-5205-1121-6@dCNY60.00
100    @a20190927d2019 em y0chiy50 ea
101 0  @achi
102    @aCN@b110000
105    @ay z 000yy
106    @ar
200 1  @a历史发现@Ali shi fa xian@f刘未鸣,张剑荆主编
210    @a北京@c中国文史出版社@d2019.06
215    @a337页@d24cm
300    @a新中国往事
330    @a本卷内容为考古发现,旨在让读者更直观地了解我国考古工作对于每个朝代的考古进程和成果,也能层次鲜明并准确地还原历朝历代的风貌和盛况。
606 0  @a考古工作@Akao gu gong zuo@x概况@y中国@z现代
690    @aK870.4@v5
701  0 @a刘未鸣@Aliu wei ming@4主编
701  0 @a张剑荆@Azhang jian jing@4主编
801  0 @aCN@b百万庄@c20210926
905    @b1300535-38@dK870.4@e488@f4
    
    历史发现/刘未鸣,张剑荆主编.-北京:中国文史出版社,2019.06
    337页;24cm
    新中国往事
    
    ISBN 978-7-5205-1121-6:CNY60.00
    本卷内容为考古发现,旨在让读者更直观地了解我国考古工作对于每个朝代的考古进程和成果,也能层次鲜明并准确地还原历朝历代的风貌和盛况。
●
相关链接 在E读中查询图书 在五车中查询图书 在当当中查询图书 在豆瓣中查询图书


正题名:历史发现     索取号:K870.4/488         预约/预借

序号 登录号 条形码 馆藏地/架位号 状态 备注
1 1300535   213005353   第二样本阅览室/ [索取号:K870.4/488] 在馆    
2 1300536   213005362   第二借阅区/ [索取号:K870.4/488] 在馆    
3 1300537   213005371   第二借阅区/ [索取号:K870.4/488] 在馆    
4 1300538   213005380   第二借阅区/ [索取号:K870.4/488] 在馆    
唐山师范学院图书馆 欢迎您!
大连网信软件有限公司© 版权所有